| 000 | 00736nam a2200229 a 4500 | ||
|---|---|---|---|
| 001 | 43436 | ||
| 003 | BD-RjUL | ||
| 005 | 20211209053710.0 | ||
| 008 | 160622r19551944enka b 001 0 eng d | ||
| 035 | _a(BD-RjUL)43554 | ||
| 040 |
_aBD-RjUL _beng _cBD-RjUL |
||
| 041 | _aeng | ||
| 082 |
_a370.15 _bWAL 1955 |
||
| 100 | 1 |
_aWatts, A. F. _q(Albert Frank) _9133403 |
|
| 245 | 1 | 4 |
_aThe language and mental development of children : _ban essay in educational psychology / _cby A.F. Watts. |
| 260 |
_aLondon : _bHarrap, _c1944 [Reprinted 1955] |
||
| 300 |
_a354 p. : _bill. ; _c23 cm. |
||
| 504 | _aBibliography: p. 343-348. and index | ||
| 650 | 0 |
_aEducational psychology. _9118078 |
|
| 650 | 0 |
_aChildren _xLanguage. _9133404 |
|
| 942 |
_2ddc _cBK |
||
| 999 |
_c43436 _d43436 |
||